00283pab a2200121 454500008004000000100001900040245003200059260000900091300001000100362000900110650001900119773002300138180718b1984 xxu||||| |||| 00| 0 eng d aMorgan, Sheron aWomen and economic security c1984 a11-16 aFall aWomen - U.S.A. aPopular Government